000 00230nam a22000977a 4500
999 _c17253
_d17253
003 Nust
005 20170321130712.0
008 150417t xxu||||| |||| 00| 0 eng d
020 _a978-0-07-068175-0
040 _cASAB
082 _a612
100 _aS C Rastogi
_9977
245 _aBiochemistry
250 _aThird Edition
300 _a780 P
942 _2ddc
_cBK